header

Psychosocial stress in immigrants and in members of minority groups as a factor of terrorist behavior (Record no. 9494)

MARC details
000 -LEADER
fixed length control field 01397nam a2200301Ia 4500
001 - CONTROL NUMBER
control field ebr10267470
003 - CONTROL NUMBER IDENTIFIER
control field CaPaEBR
006 - FIXED-LENGTH DATA ELEMENTS--ADDITIONAL MATERIAL CHARACTERISTICS--GENERAL INFORMATION
fixed length control field m u
007 - PHYSICAL DESCRIPTION FIXED FIELD--GENERAL INFORMATION
fixed length control field cr cn|||||||||
008 - FIXED-LENGTH DATA ELEMENTS--GENERAL INFORMATION
fixed length control field 071012s2008 ne sb 001 0 eng d
020 ## - INTERNATIONAL STANDARD BOOK NUMBER
Cancelled/invalid ISBN 9781586038724
040 ## - CATALOGING SOURCE
Original cataloging agency CaPaEBR
Transcribing agency CaPaEBR
035 ## - SYSTEM CONTROL NUMBER
System control number (OCoLC)316255801
050 14 - LIBRARY OF CONGRESS CALL NUMBER
Classification number HV6431
Item number .P79 2008eb
245 00 - TITLE STATEMENT
Title Psychosocial stress in immigrants and in members of minority groups as a factor of terrorist behavior
Medium [electronic resource] /
Statement of responsibility, etc edited by Michal Finklestein and Kim Dent-Brown.
260 ## - PUBLICATION, DISTRIBUTION, ETC. (IMPRINT)
Place of publication, distribution, etc Amsterdam :
Name of publisher, distributor, etc IOS Press,
Date of publication, distribution, etc 2008.
300 ## - PHYSICAL DESCRIPTION
Extent xvi, 209 p.
500 ## - GENERAL NOTE
General note Proceedings of the NATO Advanced Research Workshop on Psychosocial Stress in Immigrants and in Members of Minority Groups as a Factor of Terrorist Behavior.
504 ## - BIBLIOGRAPHY, ETC. NOTE
Bibliography, etc Includes bibliographical references and index.
533 ## - REPRODUCTION NOTE
Type of reproduction Electronic reproduction.
Place of reproduction Palo Alto, Calif. :
Agency responsible for reproduction ebrary,
Date of reproduction 2009.
Note about reproduction Available via World Wide Web.
-- Access may be limited to ebrary affiliated libraries.
650 #0 - SUBJECT ADDED ENTRY--TOPICAL TERM
Topical term or geographic name as entry element Terrorism
General subdivision Psychological aspects
Form subdivision Congresses.
Topical term or geographic name as entry element Stress (Psychology)
Form subdivision Congresses.
655 #7 - INDEX TERM--GENRE/FORM
Genre/form data or focus term Electronic books.
Source of term local
700 1# - ADDED ENTRY--PERSONAL NAME
Personal name Finklestein, Michal.
Personal name Dent-Brown, Kim.
710 2# - ADDED ENTRY--CORPORATE NAME
Corporate name or jurisdiction name as entry element ebrary, Inc.
856 40 - ELECTRONIC LOCATION AND ACCESS
Uniform Resource Identifier <a href="http://site.ebrary.com/lib/rucke/Doc?id=10267470">http://site.ebrary.com/lib/rucke/Doc?id=10267470</a>
Public note An electronic book accessible through the World Wide Web; click to view

No items available.

© 2026 Rongo University
Contact us: librarian | system librarian | Rongo university